Statistiques concernant Afrique - Série 10

Cliquez ici pour prendre le quiz!

Statistiques générales

  • Ce quiz a été pris 82 fois
  • Le résultat moyen est 7 sur 10

Statistiques - réponses

QuestionRéponse% Correct
Quelle est la première puissance économique africaine ?Afrique du Sud
93%
De quel pays Abdelaziz Bouteflika est-il le président ?Algérie
89%
Ce pays est enclavé dans le SénégalGambie
89%
Comment s'appellent les habitants de Madagascar ?Malgaches
88%
Quel pays a pour capitale Victoria ?Seychelles
79%
Capitale administrative du BéninPorto Novo
74%
De quel pays le Burundi a-t-il été une colonie ?Belgique
61%
De quel pays Paul Biya est-il le président ?Cameroun
46%
Quel joueur de football algérien a donné son nom à un geste technique ?Madjer
36%
Quel pays a pour monnaie le "birr" ?Ethiopie
31%

Distribution des résultats

Percentile par nombre de réponses

% des personnes avec chaque résultat

Votre développement - résultats

Vous n’avez pas pris ce quiz